Central Library OPAC University of Rajshahi

Social work and received ideas / (Record no. 6013)

MARC details
000 -LEADER
fixed length control field 00969nam a2200325 a 4500
001 - CONTROL NUMBER
control field 6013
003 - CONTROL NUMBER IDENTIFIER
rucl marc code BD-RjUL
005 - DATE AND TIME OF LATEST TRANSACTION
control field 20211208234153.0
008 - FIXED-LENGTH DATA ELEMENTS--GENERAL INFORMATION
fixed length control field 14 t1988 enk b 001 0 eng d
020 ## - INTERNATIONAL STANDARD BOOK NUMBER
International Standard Book Number 0415012759 (pbk.) :
International Standard Book Number 0415012740 (cased) :
035 ## - SYSTEM CONTROL NUMBER
System control number (BD-RjUL)
System control number (BD-RjUL)6052
040 ## - CATALOGING SOURCE
Original cataloging agency BNB
Language of cataloging eng
Transcribing agency BNB
Modifying agency BD-RjUL
041 ## - LANGUAGE CODE
Language code of text/sound track or separate title eng
082 00 - DEWEY DECIMAL CLASSIFICATION NUMBER
Classification number 361.301
Edition number 20
Author mark and year ROS 1988
100 1# - MAIN ENTRY--PERSONAL NAME
Personal name Rojek, Chris.
9 (RLIN) 18908
245 10 - TITLE STATEMENT
Title Social work and received ideas /
Statement of responsibility, etc. Chris Rojek ; Geraldine peacock and Stewart Collins.
260 ## - PUBLICATION, DISTRIBUTION, ETC. (IMPRINT)
Place of publication, distribution, etc. London :
Name of publisher, distributor, etc. Routledge,
Date of publication, distribution, etc. 1988.
300 ## - PHYSICAL DESCRIPTION
Pagination viii, 198 p. ;
Size 22 cm.
500 ## - GENERAL NOTE
General note Welfare work. Theories (BNB/PRECIS)
General note Includes indexes.
504 ## - BIBLIOGRAPHY, ETC. NOTE
Bibliography, etc Bibliography: p. 183-191.
650 #0 - SUBJECT ADDED ENTRY--TOPICAL TERM
Topical term or geographic name as entry element Social service.
9 (RLIN) 18909
Topical term or geographic name as entry element Social service
General subdivision Philosophy.
9 (RLIN) 18910
700 1# - ADDED ENTRY--PERSONAL NAME
Personal name Peacock, Geraldine.
Personal name Collins, Stewart.
942 ## - ADDED ENTRY ELEMENTS (KOHA)
Source of classification or shelving scheme Dewey Decimal Classification
Koha item type Books
Holdings
Lost status Source of classification or shelving scheme Damaged status Not for loan Collection code Permanent Location Current Location Shelving location Date acquired Source of acquisition Cost, normal purchase price Total Checkouts Full call number Date last seen Copy number Koha item type
  Dewey Decimal Classification     Non-fiction Central Library, University of Rajshahi Central Library, University of Rajshahi   27/11/1996 Tulip Enterprise Dhaka 13.99   361.301 ROS 1988 08/01/2014 C-2 Books